000 00307nam a2200133 i 4500
001 bg
100 1 _aOSTASZEWSKI, Roman
245 0 _aEksploatacja torfu /
_cRoman Ostaszewski.
260 _aWarszawa,
_c1965.
040 _cBPK
041 _apol
942 _cKS
008 s pl f |000 0 pol
999 _c16528
_d16528
856 _uhttp://koha.tu.koszalin.pl/cgi-bin/koha/opac-detail.pl?biblionumber=16528
_yKatalog online BPK